000 00288nam a22001337a 4500
008 170612b xxu||||| |||| 00| 0 eng d
020 _a9780826210678
041 _aeng
080 _a93
100 _a19
101 _aSHH
245 _aWORKING WITH TRUMAN
_cHECHLER, K
942 _2udc
_cBK
999 _c17011
_d17011